000 00606nam a2200241Ia 4500
003 OSt
005 20220912152143.0
006 a|||||r|||| 00| 0
007 ta
008 220909b |||||||| |||| 00| 0 eng d
024 _a57994
037 _cTextual
040 _aCSL
_beng
_cCSL
041 _aeng
082 _aI:674, 113E8 CS
100 _aErnst Alfred
245 0 _aBastardierung als ursache der apogamie in pflanzenreich
260 _c1918
300 _ap.
_ccm.
650 _aBotany
942 _hI:674, 113E8 CS
_cTEXL
_2CC
999 _c81897
_d81897